00517nam a2200157 i 4500001000400000100002300004245004800027260005900075300003400134650002100168020001500189040000800204041000800212008004100220856009800261bgj1 aMALKOC, Anna Maria10aEasy plays in English /cAnna Maria Malkoc. aWarszawa :bWydawnictwa Szkolne i Pedagogiczne,c1986. a198, [2] pp :bill. ;c21 cm. 9aPlays in English a8302029971 cBPK0 aeng s uk f |000 0 eng  uhttp://koha.tu.koszalin.pl/cgi-bin/koha/opac-detail.pl?biblionumber=47416yKatalog online BPK